VÝŽIVA A STRES

Bibliographic Details
Main Authors: Kráčmar, Stanislav (Author), Buňka, František (Author), Buňková, Leona, 1974- (Author), Vojtíšková, Petra (Author), Elfmark, Zdeněk (Author)
Format: Article
Language:English
ISBN:9788055205595
Subjects:

MARC

LEADER 00000naa a2200000 a 4500
001 vtls011856191
003 SK-MaSNL
005 20260302140847.0
008 210910|2011 xo |||||||||||||||||eng|
015 |a SNBCL 
035 |a (urnnbn)urn:nbn:sk:snk:ar-a0b0cs 
035 |a urn:nbn:sk:snk-aaw9zl 
035 |a (uuid)455f432e-4e96-4e22-9992-15e951dd0304 
040 |a SNKBUCL  |b slo  |c SNKBUCL  |e AACR2 
041 |a eng 
044 |a xo  |c SK 
100 1 |a Kráčmar, Stanislav  |4 aut  |9 724830 
245 1 0 |a VÝŽIVA A STRES  |c Stanislav Kráčmar, Zdeněk Elfmark, Petra Vojtíšková, Leona Buňková, František Buňka 
246 3 |a NUTRITION AND STRESS 
336 |a text  |b txt  |c rdacontent 
337 |a bez média  |b n  |c rdamedia 
338 |a zväzok  |b nc  |c rdacarrier 
655 7 |a články zo zborníkov  |2 snkbucl  |9 166140 
700 1 |a Buňka, František  |4 aut  |9 659494 
700 1 |a Buňková, Leona,  |d 1974-  |4 aut  |9 237737 
700 1 |a Vojtíšková, Petra  |4 aut  |9 827607 
700 1 |a Elfmark, Zdeněk  |4 aut  |9 827608 
773 0 |t Bezpečnosť a kontrola potravín  |d Nitra : Slovenská poľnohospodárska univerzita, 2011  |g S. 114-118  |z 9788055205595 
958 |a OND 
958 |a article26 
958 |a chapter 
999 |c 1332813  |d 1334743